000 00259nam a22000977a 4500
999 _c11803
_d11803
008 200218b ||||| |||| 00| 0 eng d
020 _a0440849904
100 _aBishop Huchet
_97484
245 _aThe Five Chinese Brothers
260 _aNew York
_bTrumpet Club
_c1938